000 00383nam a22001697a 4500
005 20160618122027.0
008 160618b xxu||||| |||| 00| 0 eng d
020 _a81-7660-052-0
041 _aeng
082 _b8116
100 _aKulkarni, M.V.
_91477
245 _aPhysical Distribution Mgt.
260 _bEPH
_c2010
300 _a209
650 _aManagement
_9241
942 _cBK
999 _c3083
_d3082